45 years of education development in Vietnam
Sparad:
| Institutionell upphovsman: | |
|---|---|
| Materialtyp: | Bok |
| Språk: | Undetermined |
| Publicerad: |
Hanoi
Education publishing house
1990
|
| Ämnen: | |
| Taggar: |
Lägg till en tagg
Inga taggar, Lägg till första taggen!
|
| Thư viện lưu trữ: | Trung tâm Học liệu Trường Đại học Cần Thơ |
|---|
| LEADER | 00615nam a2200193Ia 4500 | ||
|---|---|---|---|
| 001 | CTU_123158 | ||
| 008 | 210402s9999 xx 000 0 und d | ||
| 082 | |a 370.597 | ||
| 082 | |b M665 | ||
| 110 | |a Ministry of education of the socialist republic of Vietnam | ||
| 245 | 0 | |a 45 years of education development in Vietnam | |
| 245 | 0 | |c Ministry of education of the socialist republic of Vietnam | |
| 260 | |a Hanoi | ||
| 260 | |b Education publishing house | ||
| 260 | |c 1990 | ||
| 650 | |a Education | ||
| 650 | |z Vietnam | ||
| 904 | |i Hiếu, Huỳnh Mai | ||
| 980 | |a Trung tâm Học liệu Trường Đại học Cần Thơ | ||